000 00459nam a22001937a 4500
003 MPLRDC
005 20220104114415.0
008 210129b ||||| |||| 00| 0 eng d
020 _a962-33-0492-9
082 _a856.91 YLD
100 _a杨主德
245 _a摇滚寓言
_c
250 _a初版
260 _a
_b皇冠出版社
_c1991
300 _b
490 _a皇冠丛书. 1856
650 _a函牍及杂著--杂项
942 _cBK
_o856.91 YLD
999 _c7233
_d7223